[Event "ICS rated blitz match"]
[Site "192.231.221.16"]
[Date "1997.01.31"]
[Round "-"]
[White "Brause"]
[Black "DNAgene"]
[Result "0-1"]
[WhiteElo "2360"]
[BlackElo "2191"]
[TimeControl "300+12"]

1. e4 e6 2. d4 d5 3. c4 dxe4 4. Nc3 Nf6 5. Be3 Be7 6. Qc2 O-O 7. Nge2 b6 8.
Nxe4 Bb7 9. Nxf6+ Bxf6 10. b3 Nd7 11. Nc3 c5 12. Rd1 cxd4 13. Bxd4 Bxd4 14.
Rxd4 Qe7 15. Nb5 Nf6 16. Qd3 Rfd8 17. Nd6 Bc6 18. a4 Ne8 19. Nxe8 Rxd4 20.
Qxd4 Rxe8 21. Qd3 Rd8 22. Qc2 Qb4+ 23. Ke2 f5 24. f3 e5 25. Qa2 f4 26. Qc2
Be8 27. a5 Bg6 28. Qc1 Qxa5 29. c5 Qa2+ 30. Ke1 Qa5+ 31. Ke2 bxc5 32. Kf2
Qd2+ 33. Qxd2 Rxd2+ 34. Be2 Bd3 35. Re1 Rxe2+ 36. Rxe2 Bxe2 37. Kxe2 Kf7
38. Kd3 Ke6 39. Kc4 Kd6 40. Kb5 Kd5 41. Ka6 c4 42. bxc4+ Kxc4 43. Kxa7 Kd3
44. Kb6 Ke3 45. Kc6 Kf2 46. Kd5 Kxg2 47. Kxe5 Kxf3 48. Ke6 Kg4 49. Kf7 f3
50. Kxg7 f2 51. Kf6 f1=Q+ 52. Ke6 Qd3 53. Ke5 h5 54. Ke6 Qd4 55. h3+ Kxh3
56. Kf5 Kg3 57. Ke6 Kf4 58. Ke7 Qb6 59. Kf7 Kf5 60. Ke7 Qc7+ 61. Kf8 Kf6
62. Kg8 Qg7#
{Brause checkmated} 0-1

[Event "ICS rated blitz match"]
[Site "192.231.221.16"]
[Date "1997.01.31"]
[Round "-"]
[White "Brause"]
[Black "lpablo"]
[Result "1-0"]
[WhiteElo "2291"]
[BlackElo "2159"]
[TimeControl "300"]

1. e4 e6 2. d4 d5 3. c4 dxe4 4. Nc3 Nf6 5. Nge2 Nc6 6. d5 exd5 7. cxd5 Nb4
8. Nf4 Bc5 9. a3 Nd3+ 10. Bxd3 exd3 11. O-O O-O 12. Qxd3 Re8 13. Qc4 Bd6
14. Nd3 Bf5 15. Nc5 Bxc5 16. Qxc5 c6 17. dxc6 Qd3 18. cxb7 Rab8 19. Bg5
Rxb7 20. Bxf6 gxf6 21. Nd5 Kg7 22. Qc6 Be6 23. Qxb7 Bxd5 24. Qxa7 Qg6 25.
f3 Re2 26. Rf2 Bxf3 27. Rxe2 Bxe2 28. Qe3
{lpablo resigns} 1-0

[Event "ICS rated blitz match"]
[Site "164.58.253.13"]
[Date "1997.02.01"]
[Round "-"]
[White "Brause"]
[Black "Vampire"]
[Result "1-0"]
[WhiteElo "2315"]
[BlackElo "1928"]
[TimeControl "180+6"]

1. e4 e6 2. d4 d5 3. c4 dxe4 4. Nc3 Nf6 5. Nge2 c5 6. Bg5 cxd4 7. Qxd4 Qxd4
8. Nxd4 Bb4 9. Nb5 Na6 10. O-O-O Bd7 11. Bxf6 gxf6 12. Nxe4 Ke7 13. Nxf6
Bxb5 14. cxb5 Rac8+ 15. Kb1 Nc7 16. Ng4 Rhg8 17. h3 Nd5 18. g3 Bc5 19. Bg2
Rcd8 20. Bxd5 Rxd5 21. Rxd5 exd5 22. Rc1 Bb6 23. Re1+ Kd6 24. Nh6 Rf8 25.
f4 f5 26. Re5 d4 27. Nxf5+ Kc7 28. Kc2 Rf7 29. a4 Rd7 30. Kd3 Kd8 31. Re4
Rc7 32. Nxd4 Rc1 33. Ne6+ Kd7 34. Nf8+ Kd6 35. Nxh7 Rg1 36. g4 Rg3+ 37. Kc4
Rxh3 38. Ng5 Rg3 39. Nf7+ Kd7 40. f5 Rg1 41. Ne5+ Kd6 42. f6 Rc1+ 43. Kd3
Rf1 44. Nc4+ Kd7 45. Re7+ Kd8 46. g5
{Vampire forfeits on time} 1-0

[Event "ICS unrated blitz match"]
[Site "164.58.253.13"]
[Date "1997.02.01"]
[Round "-"]
[White "Brause"]
[Black "Chamaco"]
[Result "1-0"]
[WhiteElo "2311"]
[BlackElo "1960"]
[TimeControl "300"]

1. e4 e6 2. d4 d5 3. c4 dxe4 4. Nc3 Nf6 5. Nge2 b6 6. Bg5 Bb7 7. d5 exd5 8.
cxd5 Bc5 9. Nxe4 Nxe4 10. Qa4+ Qd7 11. Qxe4+ Kf8 12. Nc3 f6 13. Bf4 Kf7 14.
Bb5 c6 15. dxc6 Nxc6 16. O-O Qe6 17. Bc4
{Chamaco resigns} 1-0

[Event "ICS rated blitz match"]
[Site "164.58.253.13"]
[Date "1997.02.02"]
[Round "-"]
[White "Brause"]
[Black "bauer"]
[Result "1-0"]
[WhiteElo "2291"]
[BlackElo "1446"]
[TimeControl "180+12"]

1. e4 e6 2. d4 d5 3. c4 dxe4 4. Nc3 Nf6 5. Nge2 Be7 6. Qc2 O-O 7. Nxe4 Nbd7
8. Bf4 b6 9. N2c3 a6 10. Be2 Bb7 11. O-O c5 12. Rad1 cxd4 13. Rxd4 Qe8 14.
Nd6 Bxd6 15. Bxd6
{bauer resigns} 1-0

[Event "ICS rated blitz match"]
[Site "164.58.253.13"]
[Date "1997.02.02"]
[Round "-"]
[White "Brause"]
[Black "bauer"]
[Result "1-0"]
[WhiteElo "2289"]
[BlackElo "1446"]
[TimeControl "120+12"]

1. e4 e6 2. d4 d5 3. c4 dxe4 4. Nc3 Bb4 5. f3 exf3 6. Nxf3 Bxc3+ 7. bxc3
Nf6 8. Bd3 O-O 9. O-O Nbd7 10. Bg5 h6 11. Bh4 c5 12. Ne5 cxd4 13. Nxd7 Bxd7
14. Bxf6 gxf6 15. Qg4+ Kh8 16. Qxd4 Rg8 17. Rxf6 Rg7 18. Rxf7
{bauer resigns} 1-0

[Event "ICS rated blitz match"]
[Site "164.58.253.13"]
[Date "1997.02.03"]
[Round "-"]
[White "Brause"]
[Black "pooter"]
[Result "1-0"]
[WhiteElo "2288"]
[BlackElo "2091"]
[TimeControl "120+12"]

1. e4 e6 2. d4 d5 3. c4 dxe4 4. Nc3 Nf6 5. Nge2 Bb4 6. a3 Bxc3+ 7. Nxc3 b6
8. Bg5 Bb7 9. d5 exd5 10. cxd5 O-O 11. Bc4 Nbd7 12. O-O h6 13. Bh4 Ne5 14.
Ba2 Ng6 15. Bxf6 Qxf6 16. Qc2 Rfe8 17. Nxe4 Qf5 18. f3 Bxd5 19. Bxd5 Qxd5
20. Qxc7 Qd4+ 21. Rf2 Rac8 22. Qxa7 Nf4 23. Kf1 Rcd8 24. Nc3 Nd3 25. Rd2
Qh4 26. Ne4 Qxh2 27. Qxb6 Qh1+ 28. Qg1 Qh4 29. Rad1 Rxe4 30. fxe4 Qf4+ 31.
Rf2
{pooter forfeits on time} 1-0

[Event "ICS rated blitz match"]
[Site "164.58.253.13"]
[Date "1997.02.03"]
[Round "-"]
[White "Brause"]
[Black "wangle"]
[Result "1-0"]
[WhiteElo "2287"]
[BlackElo "2122"]
[TimeControl "180"]

1. e4 e6 2. d4 d5 3. c4 dxe4 4. Nc3 Nf6 5. Nge2 Bb4 6. a3 Bxc3+ 7. Nxc3 b6
8. Bg5 Bb7 9. d5 h6 10. Bh4 g5 11. Bg3 exd5 12. cxd5 O-O 13. Bc4 Re8 14.
O-O a6 15. Re1 Nbd7 16. Qd4 b5 17. Bb3 Nb6 18. Bxc7 Qxc7 19. Qxf6 Kh7 20.
Nxe4 Bxd5 21. Qf5+ Kg7 22. Bxd5 Nxd5 23. Qxd5 Re5
{wangle resigns} 1-0

[Event "ICS rated blitz match"]
[Site "164.58.253.13"]
[Date "1997.02.03"]
[Round "-"]
[White "Brause"]
[Black "bauer"]
[Result "1-0"]
[WhiteElo "2291"]
[BlackElo "1457"]
[TimeControl "180+12"]

1. e4 e6 2. d4 d5 3. c4 dxe4 4. Nc3 Nf6 5. Nge2 Nbd7 6. Qa4 Be7 7. Bg5 O-O
8. Qc2 h6 9. Bd2 b6 10. Nxe4 Bb7 11. N4g3 c5 12. b3 cxd4 13. Nxd4 Rc8 14.
Nb5 a6 15. Nd4 b5 16. Qc3 bxc4 17. bxc4 Nd5 18. Qb2 N5f6
{bauer resigns} 1-0

[Event "ICS rated blitz match"]
[Site "164.58.253.13"]
[Date "1997.02.03"]
[Round "-"]
[White "Brause"]
[Black "pooter"]
[Result "1-0"]
[WhiteElo "2290"]
[BlackElo "2097"]
[TimeControl "120+12"]

1. e4 e6 2. d4 d5 3. c4 dxe4 4. Nc3 Nf6 5. Be3 b6 6. c5 Bb7 7. Bb5+ Bc6 8.
Bxc6+ Nxc6 9. Nge2 Be7 10. O-O O-O 11. Ng3 Qd7 12. cxb6 axb6 13. Ncxe4 Nxe4
14. Nxe4 Rfd8 15. Qc2 Nb4 16. Qc4 Qd5 17. Qxc7 Rd7 18. Qe5 Rxa2 19. Qxd5
exd5 20. Rxa2 Nxa2 21. Ng3 Nb4 22. Rd1 g6 23. Kf1 Bf6 24. Ne2 Kg7 25. Bf4
Nc6 26. Nc3 Nxd4 27. Bg5 Bxg5 28. Rxd4 Bf6 29. Rxd5 Rxd5 30. Nxd5 Bd4 31.
b4 f5 32. Ne7 Kf7 33. Nc6 Bc3 34. Ke2 Ke6 35. Kd3 Bf6 36. Kc4 Kd6 37. b5 h5
38. Nb4 Be5 39. g3 h4 40. Nd5 h3 41. f4 Bf6 42. Nxf6
{pooter resigns} 1-0

[Event "ICS rated blitz match"]
[Site "164.58.253.13"]
[Date "1997.02.03"]
[Round "-"]
[White "Brause"]
[Black "forkaway"]
[Result "1-0"]
[WhiteElo "2292"]
[BlackElo "1598"]
[TimeControl "120+12"]

1. e4 e6 2. d4 d5 3. c4 Nf6 4. e5 Nfd7 5. cxd5 exd5 6. Nf3 Be7 7. Bd3 c5 8.
O-O Nc6 9. Be3 O-O 10. Qc2 g6 11. Bh6 Re8 12. Re1 Nxd4 13. Nxd4 cxd4 14.
Qd2 Nc5 15. Bb5 Bd7 16. Bxd7 Qxd7 17. Qxd4 Ne4 18. e6 fxe6 19. Qg7#
{forkaway checkmated} 1-0

[Event "ICS rated blitz match"]
[Site "164.58.253.13"]
[Date "1997.02.04"]
[Round "-"]
[White "Brause"]
[Black "helpmate"]
[Result "0-1"]
[WhiteElo "2295"]
[BlackElo "2128"]
[TimeControl "120+12"]

1. e4 e6 2. d4 d5 3. c4 dxe4 4. Nc3 Nf6 5. Be3 Bb4 6. Qb3 Bxc3+ 7. Qxc3 O-O
8. Bg5 h6 9. Bf4 c5 10. dxc5 Nc6 11. Rd1 Qa5 12. Qxa5 Nxa5 13. b4 Nc6 14.
b5 e5 15. Bxh6 gxh6 16. bxc6 bxc6 17. Ne2 Be6 18. Nc1 Rfd8 19. Be2 Rxd1+
20. Kxd1 Rd8+ 21. Ke1 a5 22. Nb3 Ra8 23. Nd2 Rb8 24. Nb3 Ra8 25. Nd2 Rb8
26. Nb3 a4 27. Nd2 Rb2 28. a3 Ra2 29. Nb1 Nd7 30. h3 Nxc5 31. Rg1 Nd3+ 32.
Bxd3 exd3 33. f3 Bxc4 34. Nd2 Bd5 35. Rf1 Rxa3 36. Kf2 Ra2 37. Ke3 f5 38.
Kxd3 Ra3+ 39. Kc2 Re3 40. Ra1 a3 41. Kd1 a2 42. Nf1 Ra3 43. Kd2 Kf7 44. Ne3
Ke6 45. Nc2 Ra7 46. Kc3 Rg7 47. Ne3 f4 48. Nxd5 Kxd5 49. Rxa2 Rb7 50. Rd2+
Ke6 51. Rd8 Rg7 52. Rh8 Rxg2 53. Kc4 Rg6 54. Kc5 Kf5 55. Rf8+ Kg5 56. Re8
Kh4 57. Rxe5 Kg3 58. h4 Kxf3 59. Re8 Kg4 60. Rf8 Re6 61. h5 Re5+ 62. Kxc6
Rf5 63. Rg8+ Kxh5 64. Rg1 f3 65. Kd6 f2 66. Rf1 Kg4 67. Ke6 h5 68. Kd6 h4
69. Ke6 h3 70. Kd6 h2 71. Ke6 Rf3 72. Kd5 Kg3 73. Ke4 Kg2 74. Ra1 f1=Q 75.
Rxf1 Rxf1 76. Ke5 h1=Q 77. Ke6 Qh6+ 78. Kd5 Qe3 79. Kc6 Rd1 80. Kb7 Qc3 81.
Ka7 Rb1 82. Ka6 Qa3#
{Brause checkmated} 0-1

[Event "ICS rated blitz match"]
[Site "192.231.221.16"]
[Date "1997.02.04"]
[Round "-"]
[White "Brause"]
[Black "brazilian"]
[Result "0-1"]
[WhiteElo "2320"]
[BlackElo "2146"]
[TimeControl "300"]

1. e4 e6 2. d4 d5 3. c4 dxe4 4. Nc3 Nf6 5. Be3 b6 6. d5 e5 7. Bg5 Bd7 8.
Qc2 Bb4 9. Bxf6 Bxc3+ 10. bxc3 Qxf6 11. Qxe4 Bf5 12. Qe3 O-O 13. Nf3 Nd7
14. Be2 Rfe8 15. O-O Nc5 16. Rfe1 h6 17. Rac1 Re7 18. Red1 Rd8 19. Rf1 a5
20. Rfd1 Bh7 21. Nd2 e4 22. Qd4 Qg5 23. Re1 Rde8 24. Kf1 Qf4 25. Kg1 Qg5
26. Kf1 Qf5 27. Qe3 g5 28. Nb3 Nd3 29. Bxd3 exd3 30. Qxe7 Rxe7 31. Rxe7 Qf4
32. Ke1 Qxc4 33. g3 Qxd5 34. Re8+ Kg7 35. Kd1 a4 36. Nd2 Qxa2 37. Re7 c5
38. c4 Bf5 39. Rb7 Qb2 40. Re7 a3 41. f3 a2 42. Ra7 b5 43. g4 bxc4 44. gxf5
c3 45. Rxc3 a1=Q+ 46. Rxa1
{Brause resigns} 0-1

[Event "ICS rated blitz match"]
[Site "192.231.221.16"]
[Date "1997.02.04"]
[Round "-"]
[White "Brause"]
[Black "brazilian"]
[Result "1-0"]
[WhiteElo "2297"]
[BlackElo "2169"]
[TimeControl "300"]

1. e4 e6 2. d4 d5 3. c4 dxe4 4. Nc3 Nf6 5. Be3 Be7 6. Be2 O-O 7. Nh3 Nbd7
8. O-O c6 9. Ng5 e5 10. Qc2 exd4 11. Bxd4 h6 12. Ngxe4 Qc7 13. b3 Ne5 14.
Nxf6+ Bxf6 15. Qe4 Ng4 16. Bxg4 Bxd4 17. Qxd4 f5 18. Bh5 f4 19. Rfe1 Bf5
20. Re5 Rad8 21. Qc5 b6 22. Re7 Rd7 23. Rxd7 Qxd7 24. Qe5 Qd2 25. Rd1 Qc2
26. Bf3 Bg6 27. Bxc6 f3 28. Bxf3 Re8 29. Qd4 Bd3 30. h3 Bg6 31. Bc6 Rf8 32.
Re1 Qf5 33. Bd5+ Kh7 34. Re7 Qf6 35. Qxf6 Rxf6 36. Rxa7 Bd3 37. Rb7 Kh8 38.
Na4 Rf8 39. Rxb6 Re8 40. Re6 Ra8 41. Bxa8
{brazilian resigns} 1-0

[Event "ICS rated blitz match"]
[Site "192.231.221.16"]
[Date "1997.02.04"]
[Round "-"]
[White "Brause"]
[Black "brazilian"]
[Result "1-0"]
[WhiteElo "2317"]
[BlackElo "2149"]
[TimeControl "300"]

1. e4 e6 2. d4 d5 3. c4 c5 4. cxd5 exd5 5. Nc3 dxe4 6. Bc4 cxd4 7. Qb3 Qe7
8. Nd5 Qc5 9. Bf4 Qa5+ 10. Bd2 Qd8 11. Qg3 Na6 12. Qe5+ Be6 13. Bb5+ Qd7
14. Bxd7+ Kxd7 15. Qxd4
{brazilian resigns} 1-0

[Event "ICS rated blitz match"]
[Site "192.231.221.16"]
[Date "1997.02.05"]
[Round "-"]
[White "Brause"]
[Black "Alekhine1"]
[Result "0-1"]
[WhiteElo "2352"]
[BlackElo "2114"]
[TimeControl "180"]

1. e4 e6 2. d4 d5 3. c4 dxe4 4. Nc3 f5 5. f3 exf3 6. Nxf3 Nf6 7. Bg5 Be7 8.
Ne5 O-O 9. Qd3 c5 10. O-O-O cxd4 11. Qxd4 Qa5 12. Rd3 Nc6 13. Nxc6 bxc6 14.
Be2 e5 15. Qh4 f4 16. Rdd1 h6 17. Bxf6 Bxf6 18. Qh5 Qc7 19. Ne4 Qf7 20.
Qxf7+ Kxf7 21. Nxf6 Kxf6 22. Rd6+ Kf7 23. Rxc6 Kg8 24. Bf3 Bb7 25. Bd5+ Kh8
26. Rc7 Bxd5 27. cxd5 Rac8 28. Rxc8 Rxc8+ 29. Kb1 e4 30. Rc1 Rxc1+ 31. Kxc1
Kg8 32. Kd2 e3+ 33. Ke2 g5 34. b3 Kf7 35. g3 Ke7 36. gxf4 gxf4 37. h4 Kd6
38. a3 Kxd5 39. Kd3 Kc5 40. b4+ Kb5 41. h5 Ka4 42. Ke2 Kxa3 43. b5 Ka4 44.
b6 axb6 45. Kf3 b5 46. Kxf4 e2 47. Ke4 e1=Q+ 48. Kd4 b4 49. Kd5 b3 50. Kd6
b2 51. Kd5 b1=Q 52. Kd6 Qd3+ 53. Kc6 Qec3+ 54. Kb7 Qb5+ 55. Ka8 Qc8+ 56.
Ka7 Qcb7#
{Brause checkmated} 0-1

[Event "ICS rated blitz match"]
[Site "192.231.221.16"]
[Date "1997.02.05"]
[Round "-"]
[White "Brause"]
[Black "Alekhine1"]
[Result "1-0"]
[WhiteElo "2334"]
[BlackElo "2132"]
[TimeControl "180"]

1. e4 e6 2. d4 d5 3. c4 dxe4 4. Nc3 f5 5. Be2 Nf6 6. Bg5 Be7 7. Bh5+ g6 8.
Be2 O-O 9. Bh6 Rf7 10. Nh3 Bf8 11. Bxf8 Rxf8 12. O-O Nc6 13. d5 Ne7 14. Nf4
exd5 15. cxd5 g5 16. Nh3 h6 17. Bc4 Kg7 18. f3 e3 19. Kh1 f4 20. Ng1 Nf5
21. Nge2 Nd6 22. Bb3 Nf5 23. Bc4 Bd7 24. Kg1 Ne8 25. Ne4 Ned6 26. Qd3 Qe7
27. Qc3+ Kh7 28. Nc5 Rf6 29. Nxd7 Qxd7 30. Qxf6 Qe7 31. Qc3 Re8 32. Bd3 Kg8
33. Rfc1 Rc8 34. Bxf5 Nxf5 35. Qc4 Nd6 36. Qb3 b6 37. Rc6 a5 38. Rac1 Kh8
39. Qc3+ Kg8 40. Qd3 Kg7 41. Qa6 Qd7 42. Rxd6 Qxd6 43. Qxc8 Kf6 44. Rc6
Qxc6 45. dxc6
{Alekhine1 resigns} 1-0

[Event "ICS rated blitz match"]
[Site "192.231.221.16"]
[Date "1997.02.05"]
[Round "-"]
[White "Brause"]
[Black "rajah"]
[Result "0-1"]
[WhiteElo "2360"]
[BlackElo "2426"]
[TimeControl "300"]

1. e4 e6 2. d4 d5 3. c4 dxe4 4. Nc3 Nf6 5. f3 Bb4 6. Qa4+ Nc6 7. Be3 Bd7 8.
Qc2 exf3 9. Nxf3 O-O 10. O-O-O Ng4 11. Bg5 Be7 12. Ne4 f5 13. d5 fxe4 14.
Bxe7 Nxe7 15. dxe6 Ne3 16. Qxe4 Nxd1 17. Bd3 g6 18. Rxd1 Bc6 19. Qg4 Qe8
20. Ne5 Rf2 21. Qh4 Rxg2 22. Bf1 Nf5 23. Qf6 Rxh2 24. Bd3 Qe7 25. Qf7+ Qxf7
26. exf7+ Kf8 27. b3 Rxa2 28. Kb1 Rf2 29. Ng4 Rf3 30. Ne5 Re3 31. Nxc6 bxc6
32. Bxf5 gxf5 33. Rh1 Rb8 34. Kc2 f4 35. Rh4 f3 36. Rxh7 f2 37. Rh1 Rexb3
38. Kd2 Rb2+ 39. Ke3 R8b3+ 40. Kd4 Rb1 41. Rh8+ Kxf7 42. Rh7+ Kf8 43. Rh8+
Kg7 44. Rc8 Rb7 45. Rd8 f1=Q 46. Rd7+ Kh6 47. Kc5 Qf2+ 48. Kxc6 Qf5 49. c5
Qe4+ 50. Rd5 Qa4#
{Brause checkmated} 0-1

[Event "ICS rated blitz match"]
[Site "192.231.221.16"]
[Date "1997.02.05"]
[Round "-"]
[White "Brause"]
[Black "Katapultov"]
[Result "0-1"]
[WhiteElo "2327"]
[BlackElo "2394"]
[TimeControl "120+12"]

1. e4 e6 2. d4 d5 3. c4 dxe4 4. Nc3 Bb4 5. Qa4+ Nc6 6. a3 Bxc3+ 7. bxc3 Nf6
8. Qc2 O-O 9. Bg5 e5 10. d5 Na5 11. Bxf6 Qxf6 12. Qxe4 Nb3 13. Ra2 Nc5 14.
Qe3 Qb6 15. Ra1 Qb2 16. Qc1 Qxc1+ 17. Rxc1 Bf5 18. Rd1 Bc2 19. Rd2 Be4 20.
Nh3 f6 21. f3 Bg6 22. Nf2 Na4 23. Nd1 e4 24. Be2 exf3 25. Bxf3 Rae8+ 26.
Kf2 Nc5 27. Nb2 Nd7 28. d6 cxd6 29. Bxb7 Nc5 30. Bd5+ Kh8 31. Re1 Rb8 32.
Re3 Rb3 33. Bf3 Rfb8 34. Nd1 R8b6 35. Ra2 Nd3+ 36. Kg1 Ne5 37. Be2 Bf7 38.
a4 Rc6 39. Rb2 Rxb2 40. Nxb2 Kg8 41. Re4 Rb6 42. Nd1 a5 43. Ne3 Be8 44. Kf2
Rb3 45. c5 dxc5 46. Nc4 Rxc3 47. Nxa5 Ra3 48. Bd1 Kf8 49. h3 Nd3+ 50. Ke2
Nb2 51. Nc4 Bg6 52. Nxa3 Bxe4 53. g3 Bf5 54. g4 Nxd1 55. Kxd1 Be4 56. Ke2
Bg2 57. h4 Bh3 58. Kf3 Ke7 59. Nc4 Bf1 60. Ne3 Bd3 61. Nf5+ Bxf5 62. gxf5
Kd6 63. Ke4 g6 64. fxg6 hxg6 65. Kd3 f5 66. Ke3 Kc6 67. Kf4 Kb6 68. Ke5 Ka5
69. Kd5 f4 70. Ke4 c4 71. Kxf4 c3 72. Ke5 c2 73. Kf6 c1=Q 74. Kxg6 Qg1+ 75.
Kf5 Qf2+ 76. Kg4 Qg2+ 77. Kf4 Qg6 78. Kf3 Kb4 79. a5 Qh5+ 80. Kg3 Kxa5 81.
Kh3 Qf3+ 82. Kh2 Kb4 83. Kg1 Kc3 84. Kh2 Kd2 85. Kg1 Qg3+ 86. Kh1 Ke2 87.
h5 Kf3 88. h6 Qg2#
{Brause checkmated} 0-1

[Event "ICS rated blitz match"]
[Site "192.231.221.16"]
[Date "1997.02.06"]
[Round "-"]
[White "Brause"]
[Black "shytiger"]
[Result "1-0"]
[WhiteElo "2303"]
[BlackElo "2085"]
[TimeControl "300"]

1. e4 e6 2. d4 d5 3. c4 dxe4 4. Nc3 Nf6 5. Be3 b6 6. d5 exd5 7. cxd5 Bd6 8.
Bb5+ Bd7 9. Bxd7+ Nbxd7 10. Nh3 O-O 11. O-O Re8 12. Re1 a6 13. Rc1 b5 14.
Bg5 h6 15. Bf4 Ne5 16. Nxe4 Nxe4 17. Rxe4 Qd7 18. Qe2 Ng6 19. Bxd6 cxd6 20.
Qe1 Rxe4 21. Qxe4 Re8 22. Qf3 Qc7 23. Qd1 Qa5 24. a3 b4 25. Qd2 Re5 26.
Qxb4 Qxd5 27. Nf4 Nxf4 28. Qxf4 Re4 29. Qf3 Qe5 30. Qd3 f5 31. Qxa6 Kh7 32.
b4 Qb2 33. Rf1 d5 34. Qd3 d4 35. f3 Re5 36. Rd1 Kg6 37. Qd2 Qxa3 38. Qxd4
Re2 39. Qd6+ Kh7 40. Qc5 Qe3+ 41. Qxe3 Rxe3 42. b5 Rb3 43. Rd5 Kg6 44. Rd6+
Kg5 45. b6 g6 46. h3 f4 47. Kh2 Rb2 48. Re6 Kf5 49. Rc6 h5 50. h4 Rb4 51.
Kh3 Rb1 52. g4+ hxg4+ 53. fxg4+ Ke4 54. g5 Kf3 55. Rc3+ Ke4 56. Rc2 Rxb6
{shytiger forfeits on time} 1-0

[Event "ICS rated blitz match"]
[Site "192.231.221.16"]
[Date "1997.02.06"]
[Round "-"]
[White "Brause"]
[Black "shytiger"]
[Result "1-0"]
[WhiteElo "2317"]
[BlackElo "2071"]
[TimeControl "180+5"]

1. e4 e6 2. d4 d5 3. c4 dxe4 4. Nc3 Nf6 5. Be3 b6 6. Qc2 Bb7 7. c5 Be7 8.
Bb5+ c6 9. Be2 O-O 10. Nxe4 Nxe4 11. Qxe4 bxc5 12. Bd3 g6 13. Nf3 cxd4 14.
Bxd4 Qd5 15. Qxd5 cxd5 16. Ne5 Nc6 17. Nxc6 Bxc6 18. Rc1 Bb4+ 19. Ke2 Bb7
20. Rc7 Rfb8 21. Rd7 Bc6 22. Rxa7 Rxa7 23. Bxa7 Ra8 24. a3 Bxa3 25. bxa3
Rxa7 26. Rc1 Be8 27. Rc8 Kf8 28. Bb5 Rxa3 29. Bxe8 e5 30. Bc6+ Ke7 31. Bxd5
f5 32. Rh8 h5 33. Rh7+ Kd6 34. Bf7 Ra7 35. Bxg6 Ra2+ 36. Kd3 Rxf2 37. Rxh5
Rxg2 38. Bxf5 Ra2 39. Rh6+ Ke7 40. Re6+ Kf7 41. h4 Rh2 42. Rh6 Kg7 43. Rg6+
Kf7 44. Ke4 Re2+ 45. Kd5 Rh2 46. h5 Rxh5 47. Kxe5 Rh2 48. Rc6 Re2+ 49. Be4
Ke7 50. Rc7+ Kd8 51. Rb7 Rd2 52. Bd5 Kc8 53. Ra7 Kb8 54. Rf7 Rh2 55. Kd6
Rh6+ 56. Be6 Ka8 57. Re7 Kb8 58. Kc6 Rh2 59. Rb7+ Ka8 60. Rd7 Rc2+ 61. Kd6
Kb8 62. Rg7 Rc1 63. Rf7 Rc2 64. Re7 Rc1 65. Rh7 Rc2 66. Rf7 Rc1 67. Re7
Rd1+ 68. Bd5 Rc1 69. Rb7+ Kc8 70. Ra7 Rb1 71. Rh7 Rc1 72. Rh8#
{shytiger checkmated} 1-0

[Event "ICS rated blitz match"]
[Site "192.231.221.16"]
[Date "1997.02.06"]
[Round "-"]
[White "Brause"]
[Black "PET"]
[Result "1-0"]
[WhiteElo "2334"]
[BlackElo "1837"]
[TimeControl "300"]

1. e4 e6 2. d4 d5 3. c4 dxe4 4. Nc3 Nf6 5. Be3 Bb4 6. Qb3 Nc6 7. a3 Bxc3+
8. Qxc3 O-O 9. Be2 b6 10. b4 a6 11. Rd1 Qe7 12. Bg5 h6 13. Bf4 Bb7 14. Qg3
Kh8 15. Bxc7 b5 16. Bd6 Qd7 17. Bxf8 Rxf8 18. cxb5 axb5 19. Bxb5 Nd5 20.
Ne2 Qe7 21. Bxc6 Bxc6 22. O-O Ra8 23. Nc3 Ba4 24. Rc1 f5 25. Qe5 Bc6 26.
Nxd5 Bxd5 27. Rc3 Ra7 28. Rfc1 Kh7 29. h3 Qg5 30. R1c2 Rf7 31. a4 f4 32.
Qxg5 hxg5 33. b5 Kg6 34. a5 e3 35. fxe3 fxe3 36. a6 Rf4 37. b6 Rxd4 38. b7
Rb4 39. Rc7 Rb1+ 40. Rc1 Rb2 41. R7c2 Rb3 42. Rc3 Rb2
{PET forfeits on time} 1-0

[Event "ICS rated blitz match"]
[Site "192.231.221.16"]
[Date "1997.02.06"]
[Round "-"]
[White "Brause"]
[Black "Curtin"]
[Result "1-0"]
[WhiteElo "2301"]
[BlackElo "2352"]
[TimeControl "300"]

1. e4 e6 2. d4 d5 3. c4 dxe4 4. Nc3 Nc6 5. Be3 Nf6 6. d5 Nb4 7. a3 Nd3+ 8.
Bxd3 exd3 9. Qxd3 c6 10. Bg5 Be7 11. Bxf6 Bxf6 12. d6 Bxc3+ 13. Qxc3 O-O
14. c5 Qg5 15. Nf3 b6 16. Nxg5
{Curtin resigns} 1-0

[Event "ICS game"]
[Site "192.231.221.16"]
[Date "1997.02.06"]
[Round "-"]
[White "Brause"]
[Black "DNAgene"]
[Result "1/2-1/2"]
[WhiteElo "2387"]
[BlackElo "2305"]
[TimeControl "300+3"]

1. e4 e6 2. d4 d5 3. c4 dxe4 4. Nc3 Nf6 5. Be3 Be7 6. Qc2 O-O 7. Nge2 b6 8.
Nxe4 Bb7 9. Nxf6+ Bxf6 10. b3 c5 11. Rd1 cxd4 12. Bxd4 Nc6 13. Bc5 Qc7 14.
Bd6 Qc8 15. Bxf8 Qxf8 16. Rd7 Rd8 17. Rxd8 Qxd8 18. Qd2 Qe7 19. Nc3 Nd4 20.
Nd1 g6 21. Ne3 Kg7 22. Ng4 h5 23. Ne3 Qc5 24. b4 Qg5 25. b5 Be4 26. Be2 e5
27. f3 Bb7 28. O-O Be7 29. Kh1 Bc5 30. Re1 f6 31. h3 e4 32. fxe4 Bxe4 33.
Bf1 Qg3 34. Bd3 Bxg2+ 35. Qxg2 Qxe1+ 36. Nf1 f5 37. Qb7+ Kh6 38. Qb8 Qf2
39. Qh8+ Kg5 40. Qd8+ Kf4 41. Qb8+ Kf3 42. Qa8+ Kf4 43. Qb8+ Kg5 44. Qd8+
Kh6 45. Qh8+ Kg5 46. Qd8+ Kh6
{Game drawn by mutual agreement} 1/2-1/2

[Event "ICS rated blitz match"]
[Site "192.231.221.16"]
[Date "1997.02.07"]
[Round "-"]
[White "Brause"]
[Black "DNAgene"]
[Result "0-1"]
[WhiteElo "2416"]
[BlackElo "2328"]
[TimeControl "300+3"]

1. e4 e6 2. d4 d5 3. c4 dxe4 4. Nc3 Nf6 5. Be3 Be7 6. Qc2 O-O 7. Nge2 Nc6
8. a3 b6 9. Nxe4 Bb7 10. Ng5 h6 11. Nf3 Nb8 12. Ne5 Nbd7 13. Nxd7 Qxd7 14.
Nf4 Rac8 15. c5 Nd5 16. Nxd5 Bxd5 17. cxb6 cxb6 18. Qd1 Be4 19. Qg4 Bf5 20.
Qf3 Qa4 21. Qd1 Rc2 22. Rc1 Rfc8 23. Rxc2 Qxc2 24. Ba6 Qxd1+ 25. Kxd1 Rc2
26. g4 Bg6 27. b4 Ra2 28. Bc1 Rxf2 29. h3 Bc2+ 30. Ke1 Bh4 31. Rg1 Rh2+ 32.
Kf1 Rxh3 33. Kg2 Rg3+ 34. Kf1 Rxg1+ 35. Kxg1 Be4 36. Kf1 Bg5 37. Bxg5 hxg5
38. Kf2 Kf8 39. Ke3 Bd5 40. Bd3 Ke7 41. Kf2 Kd6 42. Ke3 e5 43. Be4 Bxe4 44.
Kxe4 exd4 45. Kxd4 g6 46. Ke4 Ke6 47. Kf3 Ke5 48. a4 Kd4 49. a5 bxa5 50.
bxa5 a6 51. Kf2 f5 52. Kf3 Kc4 53. Kf2 Kb5 54. Ke2 Kxa5 55. gxf5 gxf5 56.
Ke3 Kb4 57. Kd4 f4 58. Kd3 Kc5 59. Ke2 g4 60. Kf2 Kd4 61. Ke2 Kc3 62. Kf1
Kd2 63. Kf2 a5 64. Kf1 a4 65. Kf2 a3 66. Kg2 a2 67. Kh2 a1=Q 68. Kg2 Ke3
69. Kh2 Qh8+ 70. Kg2 g3 71. Kg1 f3 72. Kf1 Qa1#
{Brause checkmated} 0-1

[Event "ICS rated blitz match"]
[Site "164.58.253.13"]
[Date "1997.02.07"]
[Round "-"]
[White "Brause"]
[Black "main"]
[Result "1/2-1/2"]
[WhiteElo "2290"]
[BlackElo "1959"]
[TimeControl "300+2"]

1. e4 e6 2. d4 d5 3. c4 dxe4 4. Nc3 f5 5. Be2 Nf6 6. Bg5 Be7 7. Bh5+ Nxh5
8. Qxh5+ g6 9. Bxe7 Qxe7 10. Qh6 Nd7 11. Nge2 Nf6 12. Qf4 O-O 13. O-O c5
14. d5 e5 15. Qh6 b6 16. b3 Ba6 17. Qc1 Ne8 18. Qh6 Nd6 19. Ng3 Qg7 20. Qg5
Qf6 21. Qh6 Qg7 22. Qg5 Qf6 23. Qh6 Qg7
{Game drawn by repetition} 1/2-1/2

[Event "ICS rated blitz match"]
[Site "164.58.253.13"]
[Date "1997.02.07"]
[Round "-"]
[White "Brause"]
[Black "main"]
[Result "1/2-1/2"]
[WhiteElo "2284"]
[BlackElo "1971"]
[TimeControl "300+2"]

1. e4 e6 2. d4 d5 3. c4 dxe4 4. Nc3 f5 5. Be2 Nf6 6. Bg5 Be7 7. Bh5+ Nxh5
8. Qxh5+ g6 9. Bxe7 Qxe7 10. Qh6 Nd7 11. Nge2 Nf6 12. Qf4 O-O 13. O-O c5
14. d5 e5 15. Qh6 b6 16. b3 Ba6 17. h3 Ne8 18. Ng3 Nd6 19. Rfd1 Qg7 20. Qg5
Qf6 21. Qd2 Rf7 22. Qh6 Qg7 23. Qg5 Qf6 24. Qh6 Qg7 25. Qg5 Qf6 26. Qh6
{Game drawn by repetition} 1/2-1/2

[Event "ICS rated blitz match"]
[Site "164.58.253.13"]
[Date "1997.02.08"]
[Round "-"]
[White "Brause"]
[Black "Bender"]
[Result "1-0"]
[WhiteElo "2295"]
[BlackElo "1990"]
[TimeControl "120+8"]

1. e4 e6 2. d4 d5 3. c4 dxe4 4. Nc3 Nf6 5. Be3 Be7 6. Qc2 b6 7. c5 Bb7 8.
Bb5+ Bc6 9. Bxc6+ Nxc6 10. Rd1 O-O 11. a3 a5 12. Nge2 Qc8 13. O-O Qa6 14.
Ng3 Rfd8 15. cxb6 cxb6 16. Ngxe4 Rac8 17. Nxf6+ Bxf6 18. d5 Bxc3 19. dxc6
Bf6 20. Rxd8+ Bxd8 21. Rd1 Bf6 22. c7 Qb7 23. Rd7 g6 24. Bh6
{Bender forfeits on time} 1-0